A barátság jegyében [kép]
Elmentve itt :
| Dokumentumtípus: | Cikk |
|---|---|
| Megjelent: |
1964-10-22
|
| Sorozat: | Délmagyarország
54 No. 248 |
| Kulcsszavak: | Délmagyarország, Testvérvárosi kapcsolatok Szeged - Lodz |
| Online Access: | http://dmarchiv.bibl.u-szeged.hu/70754 |
| LEADER | 00449nab a2200145 i 4500 | ||
|---|---|---|---|
| 001 | delm70754 | ||
| 005 | 20180928082418.0 | ||
| 008 | 180928s1964 hu o 0|| hun d | ||
| 040 | |a SZTE Délmagyarország Archívum |b hun | ||
| 041 | |a hun | ||
| 245 | 0 | 2 | |a A barátság jegyében |h [elektronikus dokumentum] : |b [kép] |
| 260 | |c 1964-10-22 | ||
| 300 | |a 3 | ||
| 490 | 0 | |a Délmagyarország |v 54 No. 248 | |
| 695 | |a Délmagyarország, Testvérvárosi kapcsolatok Szeged - Lodz | ||